ბათუმის შოთა რუსთაველის სახელმწიფო უნივერსიტეტის ბიბლიოთეკა

სისხლის სამართლის მეცნიერება ერთიანი ევროპული განვითარების პროცესში. (ბიბ.ჩანაწერი № 40702)

000 -LEADER
fixed length control field 01061nam a2200229Ia 4500
001 - CONTROL NUMBER
control field 7338
003 - CONTROL NUMBER IDENTIFIER
control field GE_BSU
008 - FIXED-LENGTH DATA ELEMENTS--GENERAL INFORMATION
fixed length control field 181216s||||||||xx |||||||||||||| ||und||
020 ## - INTERNATIONAL STANDARD BOOK NUMBER
International Standard Book Number 9789941107139
040 ## - CATALOGING SOURCE
Transcribing agency GE_BSU
080 ## - UNIVERSAL DECIMAL CLASSIFICATION NUMBER
Universal Decimal Classification number 343(063)
245 ## - TITLE STATEMENT
Title სისხლის სამართლის მეცნიერება ერთიანი ევროპული განვითარების პროცესში.
245 ## - TITLE STATEMENT
Remainder of title სისხლის სამართლის სამეცნიერო სიმპოზიუმის კრებული.
245 ## - TITLE STATEMENT
Statement of responsibility, etc. რედ: მერაბ ტურავა.
260 ## - PUBLICATION, DISTRIBUTION, ETC.
Place of publication, distribution, etc. თბილისი.
260 ## - PUBLICATION, DISTRIBUTION, ETC.
Name of publisher, distributor, etc. მერიდიანი.
260 ## - PUBLICATION, DISTRIBUTION, ETC.
Date of publication, distribution, etc. 2013.
300 ## - PHYSICAL DESCRIPTION
Extent 512 გვ; 24 სმ.
653 ## - INDEX TERM--UNCONTROLLED
Uncontrolled term სამართალი
653 ## - INDEX TERM--UNCONTROLLED
Uncontrolled term სისხლის სამართლის მეცნიერება ერთიანი ევროპული განვითარების პროცესში.
942 ## - ADDED ENTRY ELEMENTS (KOHA)
Koha item type წიგნი
ეგზემპლარები
Withdrawn status Lost status Damaged status Not for loan Date acquired Barcode Date last seen Price effective from Koha item type
        2018-12-17 18651 2018-12-17 2018-12-17 წიგნი
        2018-12-17 18652 2018-12-17 2018-12-17 წიგნი
        2018-12-17 18653 2018-12-17 2018-12-17 წიგნი